Mémoires sur la Bastille /

-д хадгалсан:
Номзүйн дэлгэрэнгүй
Үндсэн зохиолч: Linguet, Simon Nicolas Henri (autor)
Формат: Ном
Хэл сонгох:франц
Цуврал:(Bibliothèque Nationale ; 34)
Нөхцлүүд:
Шошгууд: Шошго нэмэх
Шошго байхгүй, Энэхүү баримтыг шошголох эхний хүн болох!

MARC

LEADER 00000nam^a2200000^a^4500
001 000364946
005 20250526000000.0
009 20260310115630.973
037 |a Acervo ITESO - Biblioteca 
041 |a FRA 
082 |a 808. 8  |b NAT V. 34 
100 |a Linguet, Simon Nicolas Henri  |e (autor) 
245 1 0 |a Mémoires sur la Bastille /  |c S.N.H. Linguet. 
264 |a París, Francia :  |b Bibliothèque Nationale de France,  |c 1877, c1877 
300 |a 192 p. ;  |c 14.0 cm. 
336 |a texto  |b txt  |2 rdacontenido 
337 |a sin mediación  |b n  |2 rdamedio 
338 |a volumen  |b nc  |2 rdasoporte 
440 1 |a (Bibliothèque Nationale ;  |v 34) 
649 |a XX 
650 |a Periodistas Franceses -  |x Memorias 
650 |a Cárceles y Centros de Readaptación Social -  |z París, Francia -  |x Historia -  |y Revolución Constitucional, 1789-1792 -  |x Tema Principal 
650 |a Cárceles y Centros de Readaptación Social -  |z Francia -  |x Historia -  |y Revolución Constitucional, 1789-1792 
650 |a Memorias Francesas 
650 |a Literatura Autobiográfica -  |z Francia 
650 |a Periodismo Político -  |z Francia -  |x Historia -  |y Revolución Constitucional, 1789-1792 
650 |a Política -  |z Francia -  |x Historia -  |y Revolución Constitucional, 1789-1792 
650 |a Francia -  |x Historia -  |y Revolución Constitucional, 1789-1792 -  |x Tema Principal 
650 |a Francia -  |x Historia -  |y Luis XVI, 1774-1792 
650 |a Francia -  |x Historia -  |y Revolución Liberal Burguesa, 1774-1848 
650 |a Linguet, Simon-Nicolas-Henri -  |x Tema Principal 
910 |a Fondo General 
920 |a Impresos - Libros 
930 |a Libros Antiguos y Raros 
940 |a Literatura 
905 |a 108 
901 |a 0500258617  |b IT2  |c LRA  |i D74056  |u 20250526 
902 |a https://opac.biblio.iteso.mx/vufind/Record/000364946